<?xml version="1.0" encoding="UTF-8"?>
<collection xmlns="http://www.loc.gov/MARC21/slim">
 <record>
  <leader>04273nam a22003137a 4500</leader>
  <controlfield tag="001">kal5994</controlfield>
  <controlfield tag="003">Gr-AtHEAL</controlfield>
  <controlfield tag="005">20160515210947.0</controlfield>
  <controlfield tag="008">160512b        gr ||||| |||| 00| 0 eng|c</controlfield>
  <datafield tag="020" ind1=" " ind2=" ">
   <subfield code="a">9789606034978</subfield>
  </datafield>
  <datafield tag="040" ind1=" " ind2=" ">
   <subfield code="a">GR-AtHEAL</subfield>
   <subfield code="b">gre</subfield>
   <subfield code="c">GR-AtHEAL</subfield>
  </datafield>
  <datafield tag="082" ind1="0" ind2="4">
   <subfield code="a">610</subfield>
   <subfield code="2">23</subfield>
  </datafield>
  <datafield tag="100" ind1="1" ind2=" ">
   <subfield code="a">Αγγελίδης, Παντελής.</subfield>
   <subfield code="8">2866</subfield>
  </datafield>
  <datafield tag="245" ind1="1" ind2="0">
   <subfield code="a">Ηλεκτρονική υγεία</subfield>
   <subfield code="c">Αγγελίδης, Παντελής ;  Κριτικός Αναγνώστης, Πρέντζα, Ανδριάνα ;  Τεχνική επιμέλεια, Γεωργιάδου, Αικατερίνη, Καραμήτσου, Θωμαή, Σταυρουλάκης, Πέτρος ;  Γλωσική επιμέλεια, Σαλτίδου, Θεοδώρα</subfield>
   <subfield code="h">[Ηλεκτρονικός πόρος].</subfield>
  </datafield>
  <datafield tag="260" ind1=" " ind2=" ">
   <subfield code="a">Αθήνα :</subfield>
   <subfield code="b">Σύνδεσμος Ελληνικών Ακαδημαϊκών Βιβλιοθηκών,</subfield>
   <subfield code="c">c2015.</subfield>
  </datafield>
  <datafield tag="490" ind1=" " ind2=" ">
   <subfield code="a">Ακαδημαϊκά Ηλεκτρονικά Συγγράμματα και Βοηθήματα Κάλλιπος</subfield>
   <subfield code="8">40</subfield>
  </datafield>
  <datafield tag="505" ind1=" " ind2=" ">
   <subfield code="a">1. Πληροφορία στο χώρο της υγείας2. Νομικό και κανονιστικό πλαίσιο3. Τεχνολογίες πληροφορικής στην υγεία4. Τεχνικές παιχνιδοποίησης5. Διαδίκτυο και κινητή υπολογιστική6. Τεχνολογικά συστήματα νοσοκομείου7. Συλλογή βιοϊατρικών σημάτων8. Απεικονιστική τομογραφία</subfield>
  </datafield>
  <datafield tag="520" ind1=" " ind2=" ">
   <subfield code="a">Οι ηλεκτρονικές Υπηρεσίες Υγείας και Πρόνοιας αποτελούν το τμήμα της Ηλεκτρονικής Διακυβέρνησης που ασχολείται με τους ευαίσθητους τομείς της ποιότητας ζωής.Το βιβλίο απευθύνεται σε όσους ενδιαφέρονται να γνωρίσουν τις δυνατότητες των νέων μορφών άσκησης της ιατρικής επιστήμης και προαγωγής της ποιότητας ζωής του πληθυσμού αξιοποιώντας τις νέες τεχνολογίες.Το βιβλίο μπορεί να χρησιμοποιηθεί ως Διδακτικό Σύγγραμμα σε μαθήματα που σχετίζονται με Ιατρική Πληροφορική, Ηλεκτρονική Υγεία, Τηλεϊατρική και Διοίκηση Μονάδων Υγείας για φοιτητές Τμημάτων Ιατρικής και Τεχνολογικής Κατεύθυνσης.Φιλοδοξία του συγγραφέα είναι το βιβλίο να βρουν ενδιαφέρον:1) Επιστήμονες υγείας με ανησυχίες αξιοποίησης νέων τεχνολογιών στην καθημερινή πρακτική τους2) Μηχανικοί πληροφορικής και τηλεπικοινωνιών που εργάζονται στο χώρο της υγείας ή έχουν ενδιαφέρον για το χώρο αυτό3) Επιστήμονες πληροφορικής που επιθυμούν να γνωρίσουν την επιρροή της επιστήμης τους στην υγεία4) Νέοι ερευνητές με όραμα να δημιουργήσουν εργαλεία που θα προάγουν την ποιότητα ζωής και την κοινωνική συνοχή.</subfield>
  </datafield>
  <datafield tag="650" ind1=" " ind2="0">
   <subfield code="a">Medical informatics</subfield>
   <subfield code="8">2596</subfield>
  </datafield>
  <datafield tag="653" ind1=" " ind2=" ">
   <subfield code="a">Ηλεκτρονική υγεία</subfield>
  </datafield>
  <datafield tag="653" ind1=" " ind2=" ">
   <subfield code="a">Ιατρική πληροφορική</subfield>
  </datafield>
  <datafield tag="653" ind1=" " ind2=" ">
   <subfield code="a">Κοινωνικά δίκτυα</subfield>
  </datafield>
  <datafield tag="653" ind1=" " ind2=" ">
   <subfield code="a">Κινητή υπολογιστική</subfield>
  </datafield>
  <datafield tag="700" ind1=" " ind2=" ">
   <subfield code="a">Πρέντζα, Ανδριάνα</subfield>
   <subfield code="e">Κριτικός αναγνώστης</subfield>
   <subfield code="8">2867</subfield>
  </datafield>
  <datafield tag="856" ind1=" " ind2=" ">
   <subfield code="u">http://hdl.handle.net/11419/5994</subfield>
   <subfield code="z">Πλήρες Κείμενο - Full text</subfield>
  </datafield>
  <datafield tag="907" ind1=" " ind2=" ">
   <subfield code="a">.b25681667</subfield>
   <subfield code="b">25-06-18</subfield>
   <subfield code="c">29-07-16</subfield>
  </datafield>
  <datafield tag="949" ind1=" " ind2=" ">
   <subfield code="0">0</subfield>
   <subfield code="1">0</subfield>
   <subfield code="2">ddc</subfield>
   <subfield code="4">0</subfield>
   <subfield code="6">610_000000000000000_ΑΓΓ</subfield>
   <subfield code="7">0</subfield>
   <subfield code="8">KALL</subfield>
   <subfield code="8">931</subfield>
   <subfield code="d">2016-05-15</subfield>
   <subfield code="r">2016-05-15</subfield>
   <subfield code="w">2016-05-15</subfield>
   <subfield code="z">610 ΑΓΓ</subfield>
   <subfield code="o">SEAB KALLIPOS</subfield>
  </datafield>
  <datafield tag="998" ind1=" " ind2=" ">
   <subfield code="a">80</subfield>
   <subfield code="a">01</subfield>
   <subfield code="a">02</subfield>
   <subfield code="a">03</subfield>
   <subfield code="a">04</subfield>
   <subfield code="a">05</subfield>
   <subfield code="a">06</subfield>
   <subfield code="a">07</subfield>
   <subfield code="a">08</subfield>
   <subfield code="a">09</subfield>
   <subfield code="a">10</subfield>
   <subfield code="a">11</subfield>
   <subfield code="a">12</subfield>
   <subfield code="a">13</subfield>
   <subfield code="a">14</subfield>
   <subfield code="a">15</subfield>
   <subfield code="a">16</subfield>
   <subfield code="a">17</subfield>
   <subfield code="a">18</subfield>
   <subfield code="a">19</subfield>
   <subfield code="a">20</subfield>
   <subfield code="a">21</subfield>
   <subfield code="a">22</subfield>
   <subfield code="a">23</subfield>
   <subfield code="a">24</subfield>
   <subfield code="a">25</subfield>
   <subfield code="a">26</subfield>
   <subfield code="b">29-05-17</subfield>
   <subfield code="c">m</subfield>
   <subfield code="d">z  </subfield>
   <subfield code="e">-</subfield>
   <subfield code="f">gre</subfield>
   <subfield code="g">gr </subfield>
   <subfield code="h">0</subfield>
  </datafield>
  <datafield tag="942" ind1=" " ind2=" ">
   <subfield code="2">ddc</subfield>
   <subfield code="c">KALLIPOS</subfield>
  </datafield>
 </record>
</collection>
